The Theory and Practice of International Financial Management (Record no. 636)

MARC details
000 -LEADER
fixed length control field 00462nam a22001697a 4500
005 - DATE AND TIME OF LATEST TRANSACTION
control field 20180719103922.0
008 - FIXED-LENGTH DATA ELEMENTS--GENERAL INFORMATION
fixed length control field 160512b xxu||||| |||| 00| 0 eng d
020 ## - INTERNATIONAL STANDARD BOOK NUMBER
ISBN 81-203-2149-9
041 ## - LANGUAGE CODE
Language code of text/sound track or separate title eng
082 ## - DEWEY DECIMAL CLASSIFICATION NUMBER
Item number 1605
Classification number 658.1599
100 ## - MAIN ENTRY--AUTHOR NAME
Personal name Click Raid. W. and coval, Joshua D.
245 ## - TITLE STATEMENT
Title The Theory and Practice of International Financial Management
260 ## - PUBLICATION, DISTRIBUTION, ETC. (IMPRINT)
Place of publication New Delhi
Name of publisher PHI,
Year of publication 2002
300 ## - PHYSICAL DESCRIPTION
Number of Pages 438P,
650 ## - SUBJECT ADDED ENTRY--TOPICAL TERM
Topical Term Management
942 ## - ADDED ENTRY ELEMENTS (KOHA)
Koha item type Books
Holdings
Lost status Damaged status Home library Shelving location Date acquired Cost, normal purchase price Full call number Accession Number Koha item type
    JRU Library SHELF-60-J 12/05/2016 225.00 658.1599 1605 Books
    JRU Library SHELF-60-J 12/05/2016 225.00 658.1599 1606 Books
    JRU Library SHELF-60-J 12/05/2016 225.00 658.1599 1607 Books
    JRU Library SHELF-60-J 12/05/2016 225.00 658.1599 1608 Books
    JRU Library SHELF-60-J 12/05/2016 225.00 658.1599 1609 Books